A brand new beginning (Record no. 17227)

000 -LEADER
fixed length control field 00488nam a2200169 a 4500
001 - CONTROL NUMBER
control field :::00021005$&:&@@
003 - CONTROL NUMBER IDENTIFIER
control field OkBaRHE
005 - DATE AND TIME OF LATEST TRANSACTION
control field 20060517151829.0
008 - FIXED-LENGTH DATA ELEMENTS--GENERAL INFORMATION
fixed length control field s1996 j 000 0 eng u
040 ## - CATALOGING SOURCE
Transcribing agency
100 1# - MAIN ENTRY--PERSONAL NAME
Personal name Reed, Steve
245 12 - TITLE STATEMENT
Title A brand new beginning
260 ## - PUBLICATION, DISTRIBUTION, ETC. (IMPRINT)
Place of publication, distribution, etc Veradale, Washington
Name of publisher, distributor, etc Grace Harvest Fellowship
Date of publication, distribution, etc 1996
300 ## - PHYSICAL DESCRIPTION
Extent 38 p.
942 ## - ADDED ENTRY ELEMENTS (KOHA)
Source of classification or shelving scheme
Koha item type Books
Copies
Barcode Price effective from Withdrawn status Damaged status Koha item type Lost status Full call number Shelving location Source of classification or shelving scheme Not for loan Date last seen Copy number Permanent Location Date acquired
210052010-04-14  Books BV 4501 .R4General Stacks  2010-04-141RHEMA Bible Training College2010-04-14